MARC details
| 000 -CABECERA |
| campo de control de longitud fija |
01406nam a2200301 u 4500 |
| 005 - FECHA Y HORA DE LA ÚLTIMA TRANSACCIÓN |
| campo de control |
20221126064847.0 |
| 008 - ELEMENTOS DE LONGITUD FIJA--INFORMACIÓN GENERAL |
| campo de control de longitud fija |
190703s2001 mx r 000 0 spa d |
| 035 ## - NÚMERO DE CONTROL DEL SISTEMA |
| Número de control de sistema |
UPN01000231691 |
| 040 ## - FUENTE DE LA CATALOGACIÓN |
| Centro catalogador/agencia de origen |
MX-MxUPN |
| Lengua de catalogación |
spa |
| Centro/agencia transcriptor |
MX-MxUPN |
| 050 #4 - SIGNATURA TOPOGRÁFICA DE LA BIBLIOTECA DEL CONGRESO |
| Número de clasificación |
B2430 D484 |
| Número de documento/Ítem |
A5 2001 |
| 100 1# - ASIENTO PRINCIPAL--NOMBRE PERSONAL |
| Nombre de persona |
Derrida, Jacques, |
| Fechas asociadas al nombre |
1930-2004 |
| 9 (RLIN) |
30374 |
| 245 10 - MENCIÓN DE TÍTULO |
| Título |
Palabras de agradecimiento Premio Adorno / |
| Mención de responsabilidad, etc. |
Jacques Derrida ; seguido de agradecimiento epistolar por unas palabras de agradecimiento / Irving Wohlfarth. |
| 246 30 - FORMA VARIANTE DE TÍTULO |
| Título propio/Titulo breve |
Palabras de agradecimiento Premio Adorno ; Agradecimiento epistolar por unas palabras de agradecimiento |
| 250 ## - MENCIÓN DE EDICIÓN |
| Mención de edición |
Primera edición |
| 260 ## - PUBLICACIÓN, DISTRIBUCIÓN, ETC. |
| Lugar de publicación, distribución, etc. |
México : |
| Nombre del editor, distribuidor, etc. |
Universidad Nacional Autónoma de México, Instituto de Investigaciones Filológicas, |
| Fecha de publicación, distribución, etc. |
2001. |
| 300 ## - DESCRIPCIÓN FÍSICA |
| Extensión |
55 páginas |
| 490 ## - MENCIÓN DE SERIE |
| Mención de serie |
Ejercicios de memoria ; |
| Designación de volumen o secuencia |
1 |
| 500 ## - NOTA GENERAL |
| Nota general |
"Lecciones de extranjería". Responsables: Esther Cohen y Ana María Martínez de la Escalera"--Reverso de la portada |
| 508 ## - NOTA DE CRÉDITOS DE CREACIÓN O PRODUCCIÓN |
| Nota de créditos de creación o producción |
Documento elaborado en el Programa de Apoyo a Proyectos de Investigación e Innovación Tecnológica (PAPIIT No. IN408399) |
| 600 12 - ASIENTO SECUNDARIO DE MATERIA - NOMBRE PERSONAL |
| Nombre de persona |
Derrida, Jacques, |
| Fechas asociadas al nombre |
1930-2004 |
| 9 (RLIN) |
30374 |
| 650 #0 - ASIENTO SECUNDARIO DE MATERIA - TERMINO TEMATICO |
| 9 (RLIN) |
47371 |
| Término de materia o nombre geográfico como elemento de entrada |
Filosofía |
| Subdivisión general |
Premios |
| Subdivisión geográfica |
Alemania |
| 650 #0 - ASIENTO SECUNDARIO DE MATERIA - TERMINO TEMATICO |
| 9 (RLIN) |
47372 |
| Término de materia o nombre geográfico como elemento de entrada |
Presentación de premios |
| Subdivisión geográfica |
Alemania |
| 700 1# - ASIENTO SECUNDARIO--NOMBRE DE PERSONAL |
| Nombre de persona |
Wohlfarth, Irving |
| 9 (RLIN) |
47373 |
| 902 ## - ELEMENTOS DE DATOS B LOCAL, LDB (RLIN) |
| Creó |
NoemiAcosta/161122 |
| 905 ## - TIPO DE MATERIAL |
| Tipo de material |
Folleto |
| 942 ## - ELEMENTOS DE PUNTO DE ACCESO ADICIONAL (KOHA) |
| Suprimir en OPAC |
No |
| Tipo de ítem Koha |
Folleto |
| Fuente del sistema de clasificación o colocación |
Library of Congress Classification |